000 01552cam a2200301 a 4500
001 12273377
005 20210414114126.0
008 010108s2002 mauab b 001 0 eng
010 _a 2001086108
020 _a0072314966 (student ed. : acidfree paper)
020 _a0072456280 (annotated instructor's ed : acidfree paper)
040 _aDLC
_cDLC
_dDLC
050 0 0 _aPE1122.C637
082 0 0 _a428.6
_221
100 1 _aCortina, Joe.
245 1 0 _aOpening doors : understanding college reading. /
_cJoe Cortina and Janet Elder.
250 _a3rd ed.
260 _aBoston :
_bMcGraw-Hill,
_cc2002.
300 _axxxi, 733 p. :
_bill. (some col.), maps ;
_c23 cm.
504 _aIncludes bibliographical references and index.
505 _aContents: Making yourself successful in college -- Approaching college reading and developing a college-level vocabulary -- Approaching college assignments: reading texbooks and following directions -- Determining the tropic and the stated main idea -- Formulating implied main ideas -- Identifying supporting details -- Recognizing authors' writing patterns -- Reading critically -- Thinking critically -- Selecting and organizing textbook information -- Rehearsing textbook information and preparing for texts -- Appendixes.
650 0 _aCollege readers.
650 0 _aReading (Higher education)
700 1 _aElder, Janet,
_d1947-
906 _a7
_bcbc
_corignew
_d3
_eepcn
_f20
_gy-gencatlg
942 _2lcc
_cBK
999 _c2128
_d9628